Digital spectral analysis : (Record no. 194313)
[ view plain ]
| 000 -LEADER | |
|---|---|
| fixed length control field | 01467 a2200241 4500 |
| 003 - CONTROL NUMBER IDENTIFIER | |
| control field | Nust |
| 005 - DATE AND TIME OF LATEST TRANSACTION | |
| control field | 20230819092352.0 |
| 020 ## - INTERNATIONAL STANDARD BOOK NUMBER | |
| International Standard Book Number | 0-13-214149-3 |
| 040 ## - CATALOGING SOURCE | |
| Transcribing agency | Nust |
| 082 ## - DEWEY DECIMAL CLASSIFICATION NUMBER | |
| Classification number | 519.55, MAR |
| 100 1# - MAIN ENTRY--PERSONAL NAME | |
| Personal name | Marple, S. Lawrence, |
| 9 (RLIN) | 114185 |
| 245 10 - TITLE STATEMENT | |
| Title | Digital spectral analysis : |
| Remainder of title | with appplications / |
| Statement of responsibility, etc. | S. Lawrence Marple, Jr. |
| 260 ## - PUBLICATION, DISTRIBUTION, ETC. | |
| Place of publication, distribution, etc. | Englewood Cliffs, N.J. : |
| Name of publisher, distributor, etc. | Prentice-Hall, |
| Date of publication, distribution, etc. | cop. 1987 |
| 300 ## - PHYSICAL DESCRIPTION | |
| Extent | xx, 492 p. : |
| Other physical details | ill. + |
| Accompanying material | 1 diskett |
| 440 #0 - SERIES STATEMENT/ADDED ENTRY--TITLE | |
| Title | Prentice-Hall signal processing series, |
| 9 (RLIN) | 102988 |
| 505 ## - FORMATTED CONTENTS NOTE | |
| Formatted contents note | 1.introduction(Page-1), 2.Review of linear systems and transform theory (Page-25), 3.Review of matrix algebra (Page -57) 4.Review of random process theory (Page-111), 5.classical spectral estimation (Page -130), 6.Parametric models of random processes (Page -172), 7.autoregressive spectral estimation: block data algorithms (Page -206), 8.autoregressive spectral estimation (Page- 261),10.autoregressive -moving average spectral (Page -285), 11.Prony,s method(Page -303), 12.minimum variance spectral estimation (Page -350), 13.eigenanalysis based frequency estimation (Page- 361), 14.summary of spectral estimation (Page -386), 16.Two-dimensional spectral estimation (Page -432). |
| 650 #0 - SUBJECT ADDED ENTRY--TOPICAL TERM | |
| Topical term or geographic name entry element | Signal processing |
| General subdivision | Digital techniques |
| 9 (RLIN) | 55548 |
| 650 #0 - SUBJECT ADDED ENTRY--TOPICAL TERM | |
| Topical term or geographic name entry element | Signalteori: teleteknik |
| 9 (RLIN) | 114186 |
| 650 #0 - SUBJECT ADDED ENTRY--TOPICAL TERM | |
| Topical term or geographic name entry element | Signalteori: teleteknik |
| 9 (RLIN) | 114186 |
| 650 #0 - SUBJECT ADDED ENTRY--TOPICAL TERM | |
| Topical term or geographic name entry element | Spectral theory (Mathematics) |
| 9 (RLIN) | 114187 |
| 650 #0 - SUBJECT ADDED ENTRY--TOPICAL TERM | |
| Topical term or geographic name entry element | Tidsserier |
| 9 (RLIN) | 114188 |
| 942 ## - ADDED ENTRY ELEMENTS (KOHA) | |
| Koha item type | Reference |
| Source of classification or shelving scheme | |
| Withdrawn status | Lost status | Source of classification or shelving scheme | Damaged status | Not for loan | Permanent Location | Current Location | Shelving location | Date acquired | Full call number | Barcode | Date last seen | Price effective from | Koha item type | Public note |
|---|---|---|---|---|---|---|---|---|---|---|---|---|---|---|
| Military College of Signals (MCS) | Military College of Signals (MCS) | General Stacks | 12/12/2016 | 519.55,MAR | MCS27069 | 12/08/2016 | 12/12/2016 | Book | Almirah No.14, Shelf No.6 |
